| 000 | 00631cam a2200181 4500 | ||
|---|---|---|---|
| 001 | WB3639-23 | ||
| 008 | 000000n2000 000 0 eng u | ||
| 035 | _a(Sirsi) u108602 | ||
| 245 | _aE-commerce firms flock to telehotels | ||
| 260 | _c2000 | ||
| 490 |
_aSunday Times _v 1 October 2000, 39(2) |
||
| 520 | _aDescribes how telehotels were set up and how they are now a booming sector as more companies embrace the net and need to avoid systems breakdown - a security provided by telehotels. | ||
| 590 | _aWB | ||
| 650 | _aTELEHOTELS | ||
| 650 | _aINTERNET HOTELS | ||
| 690 | _aINFORMATION TECHNOLOGY-INTERNET | ||
| 942 | _n0 | ||
| 999 |
_c64830 _d64830 |
||